000 00733nam a2200205 i 4500
001 39786
003 ES-MaACL
005 20230906160100.0
007 t|
008 030304s1971 sp ||||1| spa d
100 1 _aCantera Burgos, Francisco.
_934642
245 1 4 _aLos repartimentos de Rabi Jaco Aben Nuñes /
_cFrancisco Cantera Burgos ; [con la colaboración de Carlos Carrete].
260 _a[Madrid] :
_bInstituto Arias Montano,
_c1971.
300 _a39 p., 1 lám. ;
_c24 cm.
595 _aTirada aparte de: Sefarad, v. 31, p. 213-247.
650 4 _aJudíos-
_zEspaña-
_xHistoria-
_yS.XV.
_9158485
700 1 _aCarrete Parrondo, Carlos.
_935709
710 2 _aInstituto "Arias Montano"
_94797
852 4 _aES-MaACL
_j2084-F-20
999 _c39786
_d39786